| 000 | 00647nam a2200193 a 4500 | ||
|---|---|---|---|
| 001 | 000043428 | ||
| 005 | 20201002040914.0 | ||
| 008 | 140314s1974 sp 000 0 spa d | ||
| 020 | _z32301604 | ||
| 040 |
_aDO-SdBNP _bspa _cBNPHU |
||
| 082 |
_axxxxxxx _bxxxxxxx |
||
| 100 | 1 |
_aBalcells, Albert _971089 |
|
| 245 | 1 | 0 |
_aCataluña Contemporanea II (1900-1936) / _cAlbert Balcells. |
| 260 |
_aEspaña : _bSiglo veintiuno, _c1974. |
||
| 300 |
_a165 p. ; _c18 cm. |
||
| 490 | 1 | _aEstudios de historia contemporánea | |
| 504 | _aIncluye referencias bibliográficas y notas al pie de las páginas | ||
| 830 | 0 |
_aEstudios de historia contemporánea _971090 |
|
| 999 |
_c42917 _d42917 |
||